01088nas a2200229Ia 4500001002300000003001000023008004100033040002500074041001300099100001600112210003100128222003100159245006600190250001100256260014900267501012300416300001100539362001800550500026200568650001700830700001100847dd19-2776 [d000002915]IT-MiCISF161014c99999999xx |||||||||||| ||und|| aIT-MiCISFcIT-MiCISF aITALIANO aMoya Denman aQuaderni di Donne d'Europa aQuaderni di Donne d'Europa 0aEtà avanzata e genere. Le donne anziane nell'Unione Europea a1a ed. aBruxellesbComunità Europee. Commissione. Direzione Generale dell'Informazione. Informazione della Stampa e delle Associazioni Femminilic1997 bCISF - Centro Internazionale Studi Famiglia - Via Giotto, 36 20145 MILANO (non commercial uses only)cCopyright 2016 app. 32 a n. 45 [1997] aTema: donna-anziana, situazione-demografica, comparazione, rapporti-intergenerazionali, attività-anziano, salute, abitazione, pensionamento, associazioni, indirizzi -Dooghe G., Lamura G., Sclater E., Appleton N., Davies M., Paoletti I., Parent A., Pourou- adonnavvario aAA.VV.